[Event "GER-chT Betriebe 17th"]
[Site "Berlin"]
[Date "2017.11.05"]
[Round "7.3"]
[White "Fischer, Elmar"]
[Black "Waltz, Juergen"]
[Result "1/2-1/2"]
[WhiteElo "1658"]
[BlackElo "1400"]
[PlyCount "83"]
[EventDate "2017.11.02"]
[EventType "team-swiss"]
[EventRounds "7"]
[EventCountry "GER"]
[SourceTitle "EXT 2020"]
[Source "ChessBase"]
[SourceDate "2019.10.17"]
[SourceVersion "1"]
[SourceVersionDate "2019.10.17"]
[SourceQuality "1"]
[WhiteTeam "Berlin Telestern"]
[BlackTeam "Bremen Airbus"]
[WhiteTeamCountry "GER"]
[BlackTeamCountry "GER"]

1. e4 c5 2. Nf3 Nc6 3. Bc4 e6 4. Nc3 g6 5. 0-0 Bg7 6. d3 Nge7 7. Ne2 0-0 8. Ng3 d5 9. Bb3 b5 10. c3 c4 11. Bc2 Qc7 12. Re1 Bd7 13. Bg5 f6 14. Bd2 Ne5 15. Nd4 a6 16. Bf4 Rae8 17. b3 f5 18. bxc4 fxe4 19. Be3 bxc4 20. dxe4 N5c6 21. Rb1 Nxd4 22. Bxd4 Bxd4 23. Qxd4 Nc6 24. Qd2 Ne7 25. Qg5 Bc6 26. Nh5 Rb8 27. Rxb8 Qxb8 28. Nf6+ Kg7 29. exd5 Rxf6 30. dxc6 Qb2 31. Qc5 Nxc6 32. Ba4 Qxc3 33. Rd1 Ne5 34. h3 Nd3 35. Qe7+ Kh6 36. f3 Qd4+ 37. Kh2 Qe5+ 38. Kg1 Nb2 39. Rd7 Qe1+ 40. Kh2 Qe5+ 41. Kg1 Qe1+ 42. Kh2 1/2-1/2

[Event "GER-chT Betriebe 17th"]
[Site "Berlin"]
[Date "2017.11.02"]
[Round "1.2"]
[White "Jaehnisch, Frank"]
[Black "Fischer, Elmar"]
[Result "1-0"]
[WhiteElo "2194"]
[BlackElo "1658"]
[PlyCount "24"]
[EventDate "2017.11.02"]
[EventType "team-swiss"]
[EventRounds "7"]
[EventCountry "GER"]
[SourceTitle "EXT 2020"]
[Source "ChessBase"]
[SourceDate "2019.10.17"]
[SourceVersion "1"]
[SourceVersionDate "2019.10.17"]
[SourceQuality "1"]
[WhiteTeam "Berlin Osram"]
[BlackTeam "Berlin Telestern"]
[WhiteTeamCountry "GER"]
[BlackTeamCountry "GER"]

1. Nf3 Nf6 2. c4 e6 3. g3 Bc5 4. Bg2 c6 5. 0-0 Qb6 6. Nc3 Be7 7. d4 d5 8. c5 Qd8 9. Rb1 0-0 10. b4 a5 11. a4 b5 12. cxb6 Qxb6 1-0

[Event "GER-chT Betriebe 15th"]
[Site "Munich"]
[Date "2015.10.22"]
[Round "2.4"]
[White "Fischer, Elmar"]
[Black "Rhein, Volker"]
[Result "1-0"]
[WhiteElo "1625"]
[BlackElo "1300"]
[PlyCount "69"]
[EventDate "2015.10.22"]
[EventType "team-swiss"]
[EventRounds "7"]
[EventCountry "GER"]
[SourceTitle "EXT 2020"]
[Source "ChessBase"]
[SourceDate "2019.10.17"]
[SourceVersion "1"]
[SourceVersionDate "2019.10.17"]
[SourceQuality "1"]
[WhiteTeam "Berlin Telestern"]
[BlackTeam "Herne Wanne Eickel EKJ"]
[WhiteTeamCountry "GER"]
[BlackTeamCountry "GER"]

1. e4 e5 2. Nf3 Nc6 3. Bb5 a6 4. Ba4 b5 5. Bb3 d6 6. c3 Be7 7. d4 exd4 8. cxd4 Bf6 9. h3 Nge7 10. 0-0 0-0 11. Re1 Ng6 12. Nc3 Bb7 13. Bc2 Re8 14. Be3 h6 15. a4 b4 16. Nd5 a5 17. Rc1 Rb8 18. Nf4 Nxf4 19. Bxf4 Ba8 20. e5 dxe5 21. dxe5 Be7 22. Be4 Qxd1 23. Rexd1 Nd8 24. Bxa8 Rxa8 25. Nd4 c5 26. Nb5 Ne6 27. Bg3 Red8 28. Nd6 f6 29. f4 Nd4 30. Rxc5 Ne2+ 31. Kh2 Nxg3 32. Kxg3 Ra6 33. Rcd5 fxe5 34. fxe5 Bg5 35. Nf5 1-0

[Event "GER-chT Betriebe 15th"]
[Site "Munich"]
[Date "2015.10.22"]
[Round "1.4"]
[White "Leube, Oliver"]
[Black "Fischer, Elmar"]
[Result "1/2-1/2"]
[WhiteElo "1928"]
[BlackElo "1625"]
[PlyCount "31"]
[EventDate "2015.10.22"]
[EventType "team-swiss"]
[EventRounds "7"]
[EventCountry "GER"]
[SourceTitle "EXT 2020"]
[Source "ChessBase"]
[SourceDate "2019.10.17"]
[SourceVersion "1"]
[SourceVersionDate "2019.10.17"]
[SourceQuality "1"]
[WhiteTeam "Hamburg Transit"]
[BlackTeam "Berlin Telestern"]
[WhiteTeamCountry "GER"]
[BlackTeamCountry "GER"]

1. d4 e6 2. g3 Nf6 3. Bg2 d5 4. Nf3 c6 5. Bg5 h6 6. Bxf6 Qxf6 7. c3 Nd7 8. Nbd2 e5 9. dxe5 Nxe5 10. Nxe5 Qxe5 11. Nf3 Qc7 12. Qd4 Be6 13. e3 Qb6 14. Qxb6 axb6 15. Nd4 Be7 16. Nxe6 1/2-1/2